|
|
|
|
| LEADER |
00000nam a2200000 a 4500 |
| 001 |
vtls001329410 |
| 003 |
SK-MaSNL |
| 005 |
20260301114316.0 |
| 008 |
251124s1996 DE a 0 ger |
| 020 |
|
|
|a 3 8068 0744 2
|c [381,00]
|
| 035 |
|
|
|a SNK000282254
|
| 040 |
|
|
|a SNK
|b slo
|c SNK
|e AACR2
|
| 044 |
|
|
|a DE
|
| 080 |
|
|
|a 929.52
|2 1981
|
| 080 |
|
|
|a 929.6
|2 1981
|
| 100 |
1 |
|
|a Bahn, Peter
|4 aut
|9 292665
|
| 245 |
1 |
0 |
|a Familienforschung Ahnentafel - Wappenkunde
|b Wege zur eigenen Familienchronik
|c Peter Bahn
|
| 260 |
|
|
|a Niedernhausen/Ts.
|b Falken
|c c1996
|
| 300 |
|
|
|a 128 s., [8] s. fareb. obr. príl.
|c 24 cm
|
| 650 |
0 |
7 |
|a genealógia
|x výklady populárno-náučné
|2 SNK
|9 385120
|
| 650 |
0 |
7 |
|a heraldika
|x výklady populárno-náučné
|2 SNK
|9 385121
|
| 919 |
|
|
|a 3 8068 0744 2
|
| 999 |
|
|
|c 717921
|d 719851
|
| 952 |
|
|
|t P60, <04>, [BOOK], {604}
|a SNK
|b SNK
|y VYP
|7 0
|p 17A0134966
|o snkIC 127217
|i snkV 467/98
|0 0
|1 0
|4 0
|d 1998-05-04
|l 0
|r 2005-01-02 00:00:00
|w 2026-02-23
|